| 000 | 00319cam a22001097a 4500 | ||
|---|---|---|---|
| 008 | 180718b1961 xxu||||| |||| 00| 0 eng d | ||
| 082 | _aR803x54 In2/1961 | ||
| 245 |
_aIndian trade union act, 1926 _cby Ministry of Law |
||
| 260 |
_aNew Delhi _bGovernment of India _c1961 |
||
| 300 | _a16p | ||
| 700 | _aIndia. Ministry of Law | ||
| 999 |
_c496575 _d496575 |
||